Authority of the Past (Record no. 3171)

MARC details
000 -LEADER
fixed length control field 00625nam a2200241 a 4500
020 ## - INTERNATIONAL STANDARD BOOK NUMBER
ISBN
082 00 - DEWEY DECIMAL CLASSIFICATION NUMBER
Classification number 297.8
Author Cutter MCD
100 ## - MAIN ENTRY--AUTHOR NAME
Author name Mcdonough, Sheila
245 ## - TITLE STATEMENT
Title Authority of the Past
Sub title a Study of Three Muslim Modernists
260 ## - PUBLICATION, DISTRIBUTION, ETC. (IMPRINT)
Place of publication Yale
Name of publisher American Academy of Religion
Year of publication 1970
300 ## - PHYSICAL DESCRIPTION
Number of Pages 56p
500 ## - GENERAL NOTE
General note includes index and biblioraphy
505 2# - FORMATTED CONTENTS NOTE
Formatted contents note Glossary
650 ## - SUBJECT ADDED ENTRY--TOPICAL TERM
Topical Term Islam-Movements-Parwez
942 ## - ADDED ENTRY ELEMENTS (KOHA)
Koha item type Books
700 1# -
-- Mcdonough, Sheila
Holdings
Home library Current library Date acquired Cost, normal purchase price Full call number Accession Number Koha item type
Henry Martyn Institute Library Henry Martyn Institute Library 07/13/2007 100.00 297.8 MCD 09364 E-Books
                   Copyright © 2026 | Henry Martyn Institute | Hyderabad | TS-500052 | INDIA | Implemented by hmi.edu.in
Hit-Count:

Powered by Koha